01090nam a22002417i 4500001002000000003000500020005001700025008004100042020001500083020001500098020001800113020001800131040002500149041001900174082001600193100004700209240003700256245005700293260002700350300002000377520040000397830005100797IT\ICCU\PAR\1197789ItRI20260428193805.0101110s2010 it |||||| |||||1|||||c a8860735393 a9788860735 a9788860735393 a9788866202202 bitacArcigay Viterbo 7aita2ISO-639-2 a853.9142211 aFaletti, Giorgio0IT\ICCU\RAVV\0897494aut10aAppunti di un venditore di donne10aAppunti di un venditore di donne /cGiorgio Faletti. aMilano :bDalai,c2010 a397 p. ;c22 cm aMilano, fine anni '70. Siamo negli anni che precedono la Milano "da Bere": una Milano dipinta vivace, allegra, fresca e ottimista. In questa cornice si inserisce il protagonista Bravo, un "venditore di donne" che vive di notte... In questo libro Giorgio Faletti esplora il genere noir, e riesce perfettamente nella costruzione dell?intreccio, nell?ambientazione, nella psicologia dei personaggi. 0aRomanzi e racconti ;v5130IT\ICCU\RAV\0187056